00538nam a2200181Ia 4500003000900000008004100009040001300050040001300063041000800076100001100084245001900095300000800114490000600122700001300128942000700141999001700148952019100165IT-RoPAU120407s9999 xx 000 0 und d aIT-RoPAU cIT-RoPAU aita aMarigo aLatium perenne c cm v1 aSpinelli cBK c16296d16296 00102ddc4068_600000000000000_5871aPAULUSbPAULUSd2012-04-11l0o8.6.58r2012-04-11 00:00:00w2012-04-11yBKzInserito da: LuigiG In data: 11 ottobre 2011 fondo: Fanella Progr:22785